[Event "EU-chT Seniors 15th"]
[Site "Dresden"]
[Date "2013.07.28"]
[Round "9"]
[White "Bisse, Vilorij"]
[Black "Juergens, Peter1111"]
[Result "1-0"]
[WhiteElo "1967"]
[BlackElo "2015"]
[PlyCount "97"]
[EventDate "2013.07.20"]
[EventType "team-swiss"]
[EventRounds "9"]
[EventCountry "GER"]
[SourceTitle "CBM 155 Extra"]
[Source "ChessBase"]
[SourceDate "2013.08.26"]
[SourceVersion "1"]
[SourceVersionDate "2013.08.26"]
[SourceQuality "1"]
[WhiteTeam "VS Seniors"]
[BlackTeam "Niedersachsen Freibauer"]
[WhiteTeamCountry "GER"]
[BlackTeamCountry "GER"]

1. e4 e6 2. d4 d5 3. e5 c5 4. c3 Nc6 5. Nf3 Qb6 6. Be2 cxd4 7. cxd4 Nge7 8. Na3 Nf5 9. Nc2 Be7 10. 0-0 Bd7 11. b3 Rc8 12. Bb2 0-0 13. Rc1 Nb4 14. Nxb4 Bxb4 15. g4 Nh6 16. h3 Kh8 17. Bd3 Bb5 18. Qe2 a6 19. Ng5 g6 20. Bxb5 Qxb5 21. Qf3 Qd7 22. Qe3 Kg7 23. f4 Rxc1 24. Bxc1 Ng8 25. Qd3 h6 26. Nf3 Rc8 27. Bb2 Qb5 28. Qxb5 axb5 29. Rc1 Rxc1+ 30. Bxc1 Ne7 31. Kf2 Nc6 32. Ke3 f5 33. exf6+ Kxf6 34. Kd3 Bf8 35. Bd2 b4 36. Ne5 Nxe5+ 37. dxe5+ Kf7 38. Be3 Ke8 39. f5 gxf5 40. gxf5 Kd7 41. f6 Ke8 42. Bb6 Kd7 43. Ke2 Kc6 44. Bd4 Kd7 45. Kf3 Ke8 46. Kg4 Kf7 47. Kh5 b5 48. Be3 Kg8 49. Kg6 1-0

[Event "GER-ch Seniors"]
[Site "Dresden"]
[Date "2012.08.10"]
[Round "2"]
[White "Bisse, Vilorij"]
[Black "Dahlhaus, Friedhelm"]
[Result "1/2-1/2"]
[WhiteElo "1954"]
[BlackElo "2097"]
[PlyCount "79"]
[EventDate "2012.08.09"]
[EventType "swiss"]
[EventRounds "9"]
[EventCountry "GER"]
[SourceTitle "EXT 2014"]
[Source "ChessBase"]
[SourceDate "2013.11.20"]
[SourceVersion "1"]
[SourceVersionDate "2013.11.20"]
[SourceQuality "1"]

1. e4 e5 2. Nf3 Nc6 3. a3 Nf6 4. Nc3 d5 5. exd5 Nxd5 6. Nxd5 Qxd5 7. d3 Bg4 8. Be2 Be7 9. 0-0 0-0 10. Bd2 Rfe8 11. Bc3 Rad8 12. Nd2 Bxe2 13. Qxe2 Bc5 14. Kh1 Bd4 15. Qg4 Rf8 16. Qe4 Bxc3 17. bxc3 Qc5 18. Qc4 Rd5 19. f4 Re8 20. Rae1 Kf8 21. Re2 Qxc4 22. Nxc4 exf4 23. Rxe8+ Kxe8 24. Rxf4 Rc5 25. a4 a6 26. Rf1 Na5 27. Re1+ Kd8 28. Re5 Rxe5 29. Nxe5 f6 30. Nf3 c5 31. c4 Nc6 32. c3 Kc7 33. d4 Na5 34. Nd2 f5 35. Kg1 Kd6 36. Kf2 b6 37. Ke3 g5 38. g3 h6 39. h3 Ke6 40. Kd3 1/2-1/2

[Event "GER-ch Seniors 21st"]
[Site "Dresden"]
[Date "2009.08.03"]
[Round "1"]
[White "Ljubarskij, Jurij"]
[Black "Bisse, Vilorij"]
[Result "1-0"]
[WhiteElo "2274"]
[BlackElo "1936"]
[PlyCount "103"]
[EventDate "2009.08.03"]
[EventType "swiss"]
[EventRounds "9"]
[EventCountry "GER"]
[SourceTitle "CBM 131 Extra"]
[Source "ChessBase"]
[SourceDate "2009.09.03"]
[SourceVersion "2"]
[SourceVersionDate "2009.09.16"]
[SourceQuality "1"]

1. e4 e5 2. Nf3 Nc6 3. Bb5 a6 4. Ba4 Bc5 5. c3 Nf6 6. d3 b5 7. Bb3 d6 8. Bg5 Be6 9. Bc2 h6 10. Bh4 g5 11. Bg3 Bg4 12. Nbd2 Qd7 13. b4 Bb6 14. a4 Qc8 15. h4 Ke7 16. Qc1 Nh7 17. Qa3 Bxf3 18. Nxf3 g4 19. Nh2 h5 20. Nf1 f5 21. exf5 Qxf5 22. Ne3 Bxe3 23. fxe3 Rhf8 24. Kd2 Nf6 25. Rhf1 Qc8 26. e4 Rb8 27. Rf5 Nd8 28. Raf1 Ne6 29. Bb3 bxa4 30. Qxa4 c5 31. Bxe6 Kxe6 32. Qa2+ c4 33. Ke3 Ke7 34. Qxc4 Qxc4 35. dxc4 Nd7 36. R1f2 Rxf5 37. Rxf5 Rh8 38. Kd3 Ke6 39. Bf2 Nf6 40. Be3 Rh7 41. Bg5 Nd7 42. Rf1 Rf7 43. Ra1 Nb8 44. Be3 Rb7 45. Ra5 Ke7 46. b5 axb5 47. Rxb5 Rxb5 48. cxb5 Kd8 49. Kc4 Nd7 50. b6 Kc8 51. Kd5 Nf6+ 52. Kc6 1-0

[Event "Sachsen-ch Seniors op 17th"]
[Site "Dresden"]
[Date "2009.02.12"]
[Round "4"]
[White "Bisse, Vilorij"]
[Black "Felger, Karl"]
[Result "1/2-1/2"]
[WhiteElo "1874"]
[BlackElo "1819"]
[PlyCount "126"]
[EventDate "2009.02.09"]
[EventType "swiss"]
[EventRounds "9"]
[EventCountry "GER"]
[SourceTitle "EXT 2022"]
[Source "ChessBase"]
[SourceDate "2021.10.06"]
[SourceVersion "1"]
[SourceVersionDate "2021.10.06"]
[SourceQuality "1"]

1. e4 b6 2. d4 e6 3. c4 Bb7 4. Nc3 Bb4 5. Qg4 Qf6 6. Nf3 h5 7. Qg3 Bxe4 8. Bg5 Qg6 9. Nh4 Qh7 10. Qxc7 Na6 11. Qg3 Bxc3+ 12. bxc3 f6 13. Bd2 g5 14. Nf3 h4 15. Qd6 Qe7 16. Qxe7+ Nxe7 17. h3 Bxf3 18. gxf3 Nc7 19. f4 Rg8 20. fxg5 fxg5 21. Rg1 d5 22. Rxg5 Kd7 23. 0-0-0 Rxg5 24. Bxg5 Nf5 25. Bd3 dxc4 26. Bxc4 Rg8 27. Rg1 Ng3 28. fxg3 Rxg5 29. g4 b5 30. Bb3 a5 31. a4 Kd6 32. Kd2 bxa4 33. Bxa4 Nd5 34. Rf1 Rg6 35. c4 Rf6 36. Rxf6 Nxf6 37. Ke3 e5 38. c5+ Ke7 39. dxe5 Nd5+ 40. Kf3 Nc3 41. Bb3 a4 42. Bc4 a3 43. g5 a2 44. Bxa2 Nxa2 45. g6 Nb4 46. Kg4 Nd3 47. Kxh4 Nxc5 48. Kg4 Ke6 49. h4 Nd3 50. Kg5 Nxe5 51. Kh6 Ng4+ 52. Kg5 Ne5 53. Kh6 Ng4+ 54. Kh7 Nf6+ 55. Kh6 Ng4+ 56. Kg5 Nf6 57. h5 Ne4+ 58. Kf4 Nd6 59. h6 Kf6 60. h7 Kg7 61. Ke5 Ne8 62. Ke6 Kh8 63. Kf7 Ng7 1/2-1/2

[Event "EU-chT Seniors 10th"]
[Site "Dresden"]
[Date "2008.02.15"]
[Round "5.1"]
[White "Nugel, Karl Heinz"]
[Black "Bisse, Vilorij"]
[Result "1/2-1/2"]
[WhiteElo "2155"]
[BlackElo "1972"]
[PlyCount "43"]
[EventDate "2008.02.11"]
[EventType "team-swiss"]
[EventRounds "9"]
[EventCountry "GER"]
[SourceTitle "CBM 122 Extra"]
[Source "ChessBase"]
[SourceDate "2008.03.04"]
[SourceVersion "1"]
[SourceVersionDate "2008.03.04"]
[SourceQuality "1"]
[WhiteTeam "Hamburger SK"]
[BlackTeam "Bahn Sozialwerk III"]
[WhiteTeamCountry "GER"]
[BlackTeamCountry "GER"]

1. d4 d5 2. c4 e6 3. Nf3 Nf6 4. Nc3 c6 5. e3 Nbd7 6. Bd3 Bd6 7. e4 dxe4 8. Nxe4 Nxe4 9. Bxe4 0-0 10. 0-0 Nf6 11. Bc2 Re8 12. b3 Qc7 13. Bb2 Nd7 14. h4 Be7 15. Qd3 Nf8 16. g3 Bf6 17. Rfe1 b6 18. Ne5 Bb7 19. Ng4 Be7 20. Rad1 f5 21. Ne5 Rad8 22. Qe2 1/2-1/2

[Event "EU-chT Seniors 09th"]
[Site "Dresden"]
[Date "2007.02.22"]
[Round "7"]
[White "Birkestrand, Odd Helge"]
[Black "Bisse, Vilorij"]
[Result "1/2-1/2"]
[WhiteElo "1848"]
[BlackElo "1911"]
[PlyCount "29"]
[EventDate "2007.02.16"]
[EventType "team-swiss"]
[EventRounds "9"]
[EventCountry "GER"]
[SourceTitle "CBM 117 Extra"]
[Source "ChessBase"]
[SourceDate "2007.05.09"]
[SourceVersion "1"]
[SourceVersionDate "2007.05.09"]
[SourceQuality "1"]

1. e4 c6 2. d4 d5 3. e5 Bf5 4. Nf3 e6 5. c4 dxc4 6. Bxc4 Bb4+ 7. Bd2 Bxd2+ 8. Nbxd2 Nd7 9. 0-0 Nb6 10. Rc1 Ne7 11. Re1 Ned5 12. Ne4 Nxc4 13. Rxc4 Bxe4 14. Rxe4 0-0 15. Qc2 1/2-1/2

[Event "EU-chT Seniors 09th"]
[Site "Dresden"]
[Date "2007.02.21"]
[Round "6"]
[White "Niebuhr, Gerd"]
[Black "Bisse, Vilorij"]
[Result "1-0"]
[WhiteElo "2071"]
[BlackElo "1911"]
[PlyCount "39"]
[EventDate "2007.02.16"]
[EventType "team-swiss"]
[EventRounds "9"]
[EventCountry "GER"]
[SourceTitle "CBM 117 Extra"]
[Source "ChessBase"]
[SourceDate "2007.05.09"]
[SourceVersion "1"]
[SourceVersionDate "2007.05.09"]
[SourceQuality "1"]

1. d4 d5 2. c4 Nf6 3. cxd5 Nxd5 4. Nf3 e6 5. e4 Nb6 6. Nc3 c6 7. Bd3 N8d7 8. 0-0 Bd6 9. Re1 0-0 10. e5 Be7 11. Qc2 g6 12. Bh6 Re8 13. Qd2 Nd5 14. Ne4 Nf8 15. a3 b6 16. Rac1 Bb7 17. Qe2 Rc8 18. Nfg5 Nf4 19. Qf3 Nxd3 20. Qxf7+ 1-0

[Event "EU-chT Seniors 09th"]
[Site "Dresden"]
[Date "2007.02.16"]
[Round "1"]
[White "Bisse, Vilorij"]
[Black "Kugelmann, Werner"]
[Result "1/2-1/2"]
[WhiteElo "1911"]
[BlackElo "2206"]
[PlyCount "136"]
[EventDate "2007.02.16"]
[EventType "team-swiss"]
[EventRounds "9"]
[EventCountry "GER"]
[SourceTitle "CBM 117 Extra"]
[Source "ChessBase"]
[SourceDate "2007.05.09"]
[SourceVersion "1"]
[SourceVersionDate "2007.05.09"]
[SourceQuality "1"]

1. e4 e5 2. Nf3 Nc6 3. Bc4 Bc5 4. d3 d6 5. c3 Qe7 6. 0-0 Nf6 7. Be3 Bb6 8. Nbd2 Bd7 9. b4 h6 10. a4 Ng4 11. Qe2 Nxe3 12. fxe3 a6 13. d4 0-0 14. Kh1 Kh8 15. Bd3 Ba7 16. Qf2 exd4 17. exd4 Ne5 18. Nxe5 dxe5 19. b5 exd4 20. cxd4 Qd6 21. Nf3 axb5 22. axb5 Bb6 23. Rxa8 Rxa8 24. h3 Qf4 25. Nh4 Qxf2 26. Rxf2 Be6 27. Rc2 Bxd4 28. g4 Bb6 29. Nf5 Ra3 30. Bf1 Kh7 31. Kg2 g6 32. Ne7 Ra2 33. Rxa2 Bxa2 34. Nd5 Ba5 35. Kf3 Kg7 36. Ne3 Be6 37. Bc4 Bd7 38. e5 h5 39. Bd3 hxg4+ 40. hxg4 c6 41. bxc6 Bxc6+ 42. Be4 Kf8 43. Bxc6 bxc6 44. Nc4 Bc7 45. Ke4 Ke7 46. Nd2 Ke6 47. Nf3 Bb6 48. Ng5+ Ke7 49. Nf3 Ba5 50. Nd4 Kd7 51. Nf3 Bd8 52. Kd4 Ke6 53. Ke4 c5 54. Nd2 Bc7 55. Nf3 Bd8 56. Nd2 Bg5 57. Nb3 Be7 58. Nd2 f6 59. Nf3 f5+ 60. gxf5+ gxf5+ 61. Kf4 Bd8 62. Nd2 Bc7 63. Nf3 c4 64. Nd4+ Kd5 65. Nc2 Bxe5+ 66. Kxf5 c3 67. Na3 Bd6 68. Nc2 Bc5 1/2-1/2

[Event "EU-chT Seniors 08th"]
[Site "Dresden"]
[Date "2006.02.24"]
[Round "8"]
[White "Bisse, Vilorij"]
[Black "Bondick, Karl Heinz"]
[Result "1-0"]
[WhiteElo "1835"]
[BlackElo "2165"]
[PlyCount "51"]
[EventDate "2006.02.17"]
[EventType "team-swiss"]
[EventRounds "8"]
[EventCountry "GER"]
[SourceTitle "CBM 111 Extra"]
[Source "ChessBase"]
[SourceDate "2006.05.09"]
[SourceVersion "1"]
[SourceVersionDate "2006.05.09"]
[SourceQuality "1"]
[WhiteTeam "Dresden Seniors"]
[BlackTeam "Sachsen Anhalt II"]
[WhiteTeamCountry "GER"]
[BlackTeamCountry "GER"]

1. d4 d5 2. e4 c6 3. exd5 cxd5 4. c4 dxc4 5. Bxc4 e6 6. Nf3 Nf6 7. 0-0 Be7 8. Nc3 0-0 9. Qe2 Nbd7 10. a3 Nb6 11. Ba2 Nbd5 12. Ne5 b6 13. Nc6 Qc7 14. Nxd5 Nxd5 15. Bxd5 Bb7 16. Nxe7+ Qxe7 17. Bxb7 Qxb7 18. Bf4 Rfd8 19. Rfd1 Rd5 20. Rac1 Rd7 21. Rc3 Rad8 22. Bg5 Re8 23. Qg4 f5 24. Qh5 Rc8 25. Rdc1 Rxc3 26. Qe8# 1-0

[Event "EU-chT Seniors 08th"]
[Site "Dresden"]
[Date "2006.02.21"]
[Round "5"]
[White "Bisse, Vilorij"]
[Black "Kunath, Emil"]
[Result "1-0"]
[WhiteElo "1835"]
[BlackElo "1985"]
[PlyCount "119"]
[EventDate "2006.02.17"]
[EventType "team-swiss"]
[EventRounds "8"]
[EventCountry "GER"]
[SourceTitle "CBM 111 Extra"]
[Source "ChessBase"]
[SourceDate "2006.05.09"]
[SourceVersion "1"]
[SourceVersionDate "2006.05.09"]
[SourceQuality "1"]
[WhiteTeam "Dresden Seniors"]
[BlackTeam "Heidenau"]
[WhiteTeamCountry "GER"]
[BlackTeamCountry "GER"]

1. e4 d5 2. exd5 Qxd5 3. Nc3 Qa5 4. Bc4 c6 5. Qf3 Nf6 6. Nge2 Bg4 7. Qg3 Nbd7 8. 0-0 Nb6 9. Bb3 h5 10. Qc7 Qa6 11. d3 Bxe2 12. Nxe2 Nbd5 13. Qe5 e6 14. Nf4 0-0-0 15. Nxd5 exd5 16. Bg5 Nd7 17. Qf5 f6 18. Bd2 Qb6 19. Rae1 Qc7 20. Re6 Bd6 21. h3 Kb8 22. d4 Ka8 23. Rfe1 Nb6 24. Qg6 Nc8 25. c3 Bf4 26. Bxf4 Qxf4 27. Qxg7 Rdf8 28. Qg3 Qxg3 29. fxg3 f5 30. Bc2 h4 31. gxh4 Rxh4 32. Re8 Rhh8 33. Rxf8 Rxf8 34. Re6 Kb8 35. g4 fxg4 36. hxg4 Kc7 37. Kg2 Nd6 38. Bd3 Kd7 39. Rh6 Ke7 40. Rh5 b6 41. b3 a5 42. a4 Rf7 43. Re5+ Kf8 44. Re6 Rd7 45. Kg3 b5 46. g5 bxa4 47. bxa4 Kg7 48. Rh6 Kg8 49. Kg4 Rd8 50. Re6 Rd7 51. Bf5 Rd8 52. g6 Kf8 53. Kg5 Kg8 54. Bd3 Rd7 55. Kh6 Rd8 56. Re7 Kf8 57. Rh7 Kg8 58. Ra7 Ne4 59. Bxe4 dxe4 60. Re7 1-0

[Event "EU-chT Seniors 08th"]
[Site "Dresden"]
[Date "2006.02.17"]
[Round "1"]
[White "Bisse, Vilorij"]
[Black "Staller, Peter"]
[Result "0-1"]
[WhiteElo "1835"]
[BlackElo "2243"]
[PlyCount "134"]
[EventDate "2006.02.17"]
[EventType "team-swiss"]
[EventRounds "8"]
[EventCountry "GER"]
[SourceTitle "CBM 111 Extra"]
[Source "ChessBase"]
[SourceDate "2006.05.09"]
[SourceVersion "1"]
[SourceVersionDate "2006.05.09"]
[SourceQuality "1"]
[WhiteTeam "Dresden Seniors"]
[BlackTeam "Hessen"]
[WhiteTeamCountry "GER"]
[BlackTeamCountry "GER"]

1. e4 c5 2. Nf3 e6 3. d4 cxd4 4. Nxd4 a6 5. Nc3 Qc7 6. Be2 Nf6 7. 0-0 d6 8. Kh1 b5 9. a3 Bb7 10. f3 Nbd7 11. Bg5 Be7 12. Qd2 0-0 13. Rfe1 Rfd8 14. Rad1 Rac8 15. Bd3 Nb6 16. Nce2 Nc4 17. Bxc4 Qxc4 18. c3 Qc7 19. Ng3 h6 20. Be3 Bf8 21. Qf2 Rd7 22. Nde2 e5 23. Nf5 Re8 24. Qh4 Re6 25. Nfg3 d5 26. exd5 Nxd5 27. Bc1 Nf4 28. Bxf4 exf4 29. Nf1 Rxd1 30. Rxd1 Qe5 31. Nd4 Re8 32. h3 Bc5 33. Qf2 Bd5 34. Qd2 Bc4 35. Kg1 Rd8 36. Kf2 Qf6 37. b4 Bb6 38. Kg1 Bb3 39. Rc1 Bc4 40. Rd1 a5 41. Qb2 axb4 42. axb4 Re8 43. Kh1 Bxd4 44. cxd4 Re2 45. Rd2 Re1 46. Rf2 Rxf1+ 47. Rxf1 Bxf1 48. Qd2 Bc4 49. Kg1 Qd6 50. Kf2 g5 51. Kg1 Qg6 52. Qe1 Qe6 53. Qa1 Kh7 54. Qb1+ Qg6 55. Qe1 Qe6 56. Qb1+ Kg7 57. Qa1 Bd5 58. Qb2 h5 59. Kh2 g4 60. hxg4 hxg4 61. fxg4 Qxg4 62. Qf2 Kf6 63. Qd2 Qg3+ 64. Kh1 Qh3+ 65. Kg1 Qe3+ 66. Qf2 Qxf2+ 67. Kxf2 Kf5 0-1